|
|
|
|
| LEADER |
00000nam a2200000 i 4500 |
| 001 |
DIGUCANT0081 |
| 003 |
NyNyDIG |
| 008 |
200721s2019 sp a ob 000 0bspa d |
| 006 |
m o d |
| 007 |
cr ||||||||||| |
| 035 |
|
|
|a (OCoLC)1184757654
|
| 040 |
|
|
|a DGITA
|b eng
|e rda
|e pn
|c DGITA
|
| 020 |
|
|
|a 9788481029000
|q Edición electrónica
|q EUC
|
| 020 |
|
|
|a 8481029009
|q Edición electrónica
|q EUC
|
| 020 |
|
|
|a 9788490443408
|q Edición electrónica
|q UCLM
|
| 020 |
|
|
|a 8490443408
|q Edición electrónica
|q UCLM
|
| 020 |
|
|
|z 9788481028997
|q Edición impresa
|q EUC
|
| 020 |
|
|
|z 8481028991
|q Edición impresa
|q EUC
|
| 020 |
|
|
|z 9788490443392
|q Edición impresa
|q UCLM
|
| 020 |
|
|
|z 8490443394
|q Edición impresa
|q UCLM
|
| 043 |
|
|
|a e-sp---
|
| 050 |
1 |
4 |
|a TL789.8.S7 ebook
|
| 082 |
0 |
4 |
|a 629.40946
|
| 100 |
1 |
|
|a Moriente, David,
|e author.
|
| 245 |
1 |
0 |
|a España, ¿me reciben? :
|b astronáutica y cultura popular (1957-1989) /
|c David Moriente.
|
| 264 |
|
1 |
|a Cuenca :
|b Ediciones de la Universidad de Castilla-La Mancha ;
|a Santander :
|b Ediciones Universidad de Cantabria,
|c 2019.
|
| 300 |
|
|
|a 1 online resource :
|b illustrations.
|
| 336 |
|
|
|a text
|b txt
|2 rdacontent
|
| 337 |
|
|
|a computer
|b c
|2 rdamedia
|
| 338 |
|
|
|a online resource
|b cr
|2 rdacarrier
|
| 347 |
|
|
|a text file
|2 rdaft
|
| 347 |
|
|
|b PDF
|
| 490 |
1 |
|
|a Coleccion Enclaves culturales ;
|v no. 3
|
| 504 |
|
|
|a Includes bibliographical references.
|
| 588 |
0 |
|
|a Online resource; title from PDF title page (Digitalia, viewed July 21, 2020)
|
| 650 |
|
0 |
|a Astronautics
|z Spain.
|
| 650 |
|
0 |
|a Popular culture.
|
| 655 |
|
0 |
|a Electronic books.
|
| 791 |
2 |
|
|a Digitalia (Firm),
|e distributor.
|
| 793 |
0 |
|
|g Digitalia eBook Collection:
|a Universidad de Cantabria
|
| 776 |
0 |
8 |
|i Print version:
|a Moriente, David.
|t España, ¿me reciben?.
|d Cuenca : Ediciones de la Universidad de Castilla-La Mancha ; Santander : Ediciones Universidad de Cantabria, 2019
|z 9788481028997
|w (OCoLC)1122566306
|
| 830 |
|
0 |
|a Colección Enclaves culturales ;
|v 3.
|
| 856 |
4 |
0 |
|3 Digitalia Hispánica
|u https://www.digitaliapublishing.com/a/63114/
|
| 910 |
|
|
|a Premium collection: 2020
|